All World Leaders - Statistics

General Stats
  • This quiz has been taken 8 times
  • The average score is 8 of 198
Answer Stats
Country Since Leader % Correct
United States 2025 Donald Trump
75%
France 2017 Emmanuel Macron
75%
Russia 2012 Vladimir Putin
63%
Italy 2022 Giorgia Meloni
50%
Argentina 2023 Javier Milei
50%
Australia 2022 Anthony Albanese
38%
Israel 2009 Benjamin Netanyahu
38%
United Kingdom 2024 Keir Starmer
38%
North Korea 2011 Kim Jong Un
38%
Ukraine 2019 Volodymyr Zelenskyy
38%
China 2013 Xi Jinping
38%
Venezuela 2026 Delcy Rodríguez
25%
Poland 2023 Donald Tusk
25%
Canada 2025 Mark Carney
25%
India 2014 Narendra Modi
25%
Türkiye 2014 Recep Tayyip Erdoğan
25%
Hungary 2010 Viktor Orbán
25%
Egypt 2014 Abdel Fattah El-Sisi
13%
Belarus 1994 Alexander Lukashenko
13%
Ireland 2025 Catherine Connolly
13%
Mexico 2024 Claudia Sheinbaum Pardo
13%
Nicaragua 2007 Daniel Ortega
13%
Azerbaijan 2003 Ilham Aliyev
13%
Vatican City 2025 Leo XIV
13%
Denmark 2019 Mette Frederiksen
13%
El Salvador 2019 Nayib Bukele
13%
Spain 2018 Pedro Sánchez
13%
Sweden 2022 Ulf Kristersson
13%
Andorra 2019 Xavier Espot Zamora
13%
Sudan 2019 Abdel Fattah al-Burhan
0%
Algeria 2019 Abdelmadjid Tebboune
0%
Niger 2025 Abdourahamane Tchiani
0%
Libya 2021 Abdul Hamid Ddeibeh
0%
Jordan 1999 Abdullah II
0%
Iraq 2022 Abdul Latif Rashid
0%
Gambia 2017 Adama Barrow
0%
Syria 2025 Ahmed al-Sharaa
0%
Estonia 2021 Alar Karis
0%
Ivory Coast 2010 Alassane Ouattara
0%
Monaco 2005 Albert II
0%
Serbia 2017 Aleksandar Vučić
0%
Finland 2024 Alexander Stubb
0%
Austria 2017 Alexander Van der Bellen
0%
San Marino 2026 Alice Mina
0%
Haiti 2026 Alix Didier Fils-Aimé
0%
Jamaica 2016 Andrew Holness
0%
Portugal 2026 António José Seguro
0%
Sri Lanka 2024 Anura Kumara Dissanayake
0%
Thailand 2025 Anutin Charnvirakul
0%
Malaysia 2022 Anwar Ibrahim
0%
Pakistan 2024 Asif Ali Zardari
0%
Mali 2021 Assimi Goïta
0%
Comoros 2016 Azali Assoumani
0%
Albania 2022 Bajram Begaj
0%
Belgium 2025 Bart De Wever
0%
Senegal 2024 Bassirou Diomaye Faye
0%
Guatemala 2024 Bernardo Arévalo
0%
Nigeria 2023 Bola Ahmed Tinubu
0%
Philippines 2022 Bongbong Marcos
0%
Gabon 2025 Brice Oligui Nguema
0%
Liechtenstein 2025 Brigitte Haas
0%
São Tomé and Príncipe 2021 Carlos Vila Nova
0%
Trinidad and Tobago 2023 Christine Kangaloo
0%
New Zealand 2023 Christopher Luxon
0%
Greece 2025 Constantine An. Tassoulas
0%
South Africa 2018 Cyril Ramaphosa
0%
Mozambique 2025 Daniel Chapo
0%
Ecuador 2023 Daniel Noboa
0%
Nauru 2023 David Adeang
0%
Bosnia and Herzegovina 2022 Denis Bećirović
0%
Republic of the Congo 1997 Denis Sassou Nguesso
0%
Grenada 2022 Dickon Mitchell
0%
Botswana 2024 Duma Boko
0%
Latvia 2023 Edgars Rinkēvičs
0%
Zimbabwe 2017 Emmerson Mnangagwa
0%
Tajikistan 1994 Emomali Rahmon
0%
Burundi 2020 Évariste Ndayishimiye
0%
Tonga 2025 Fatafehi Fakafānua
0%
Togo 2005 Faure Gnassingbé
0%
Central African Republic 2016 Faustin-Archange Touadéra
0%
Tuvalu 2024 Feleti Teo
0%
Democratic Republic of the Congo 2019 Felix Tshisekedi
0%
Germany 2025 Friedrich Merz
0%
Antigua and Barbuda 2014 Gaston Browne
0%
Lithuania 2019 Gitanas Nausėda
0%
Saint Vincent and the Grenadines 2025 Godwin Friday
0%
North Macedonia 2024 Gordana Siljanovska-Davkova
0%
Luxembourg 2025 Guillaume V
0%
Colombia 2022 Gustavo Petro
0%
Switzerland 2026 Guy Parmelin
0%
Oman 2020 Haitham bin Tariq
0%
Zambia 2021 Hakainde Hichilema
0%
Iceland 2024 Halla Tómasdóttir
0%
Bahrain 2002 Hamad bin Isa Al Khalifa
0%
Brunei 1967 Hassanal Bolkiah
0%
Somalia 2022 Hassan Sheikh Mohamud
0%
Afghanistan 2021 Hibatullah Akhundzada
0%
Marshall Islands 2024 Hilda Heine
0%
Guinea Bissau 2025 Horta Inta-A Na Man
0%
Cambodia 2023 Hun Manet
0%
Burkina Faso 2022 Ibrahim Traoré
0%
Bulgaria 2026 Iliana Iotova
0%
Guyana 2020 Irfaan Ali
0%
Eritrea 1993 Isaias Afwerki
0%
Djibouti 1999 Ismail Omar Guelleh
0%
Montenegro 2023 Jakov Milatović
0%
Papua New Guinea 2019 James Marape
0%
Suriname 2025 Jennifer Geerlings-Simons
0%
Solomon Islands 2024 Jeremiah Manele
0%
Angola 2017 João Lourenço
0%
Ghana 2025 John Mahama
0%
Belize 2020 Johnny Briceño
0%
Norway 2021 Jonas Gahr Støre
0%
Chile 2026 José Antonio Kast
0%
Peru 2026 José María Balcázar
0%
Cape Verde 2021 José Maria Neves
0%
Lebanon 2025 Joseph Aoun
0%
Liberia 2024 Joseph Boakai
0%
East Timor 2022 José Ramos-Horta
0%
Panama 2024 José Raúl Mulino
0%
Sierra Leone 2018 Julius Maada Bio
0%
Tunisia 2019 Kais Saied
0%
Kazakhstan 2019 Kassym-Jomart Tokayev
0%
Bhutan 2006 King Jigme Khesar Namgyel Wangchuck
0%
Samoa 2025 Laʻauli Leuatea Schmidt
0%
Taiwan 2024 Lai Ching-te
0%
Singapore 2024 Lawrence Wong
0%
South Korea 2025 Lee Jae Myung
0%
Dominican Republic 2020 Luis Abinader
0%
Brazil 2023 Luiz Inácio Lula da Silva
0%
Chad 2024 Mahamat Déby
0%
Moldova 2020 Maia Sandu
0%
Guinea 2021 Mamady Doumbouya
0%
Barbados 2018 Mia Mottley
0%
Madagascar 2025 Michael Randrianirina
0%
Cuba 2019 Miguel Díaz-Canel
0%
Georgia 2024 Mikheil Kavelashvili
0%
Myanmar 2021 Min Aung Hlaing
0%
Maldives 2023 Mohamed Muizzu
0%
Mauritania 2019 Mohamed Ould Ghazouani
0%
United Arab Emirates 2022 Mohammed bin Zayed Al Nahyan
0%
Morocco 1999 Mohammed VI
0%
Iran 2026 Mojtaba Khamenei
0%
Eswatini 1986 Mswati III
0%
Malta 2024 Myriam Spiteri Debono
0%
Fiji 2024 Naiqama Lalabalavu
0%
Honduras 2026 Nasry Asfura
0%
Slovenia 2022 Nataša Pirc Musar
0%
Mauritius 2024 Navin Ramgoolam
0%
Namibia 2025 Netumbo Nandi-Ndaitwah
0%
Romania 2025 Nicușor Dan
0%
Vanuatu 2022 Nikenike Vurobaravu
0%
Cyprus 2023 Nikos Christodoulides
0%
Benin 2016 Patrice Talon
0%
Seychelles 2025 Patrick Herminie
0%
Cameroon 1982 Paul Biya
0%
Rwanda 2000 Paul Kagame
0%
Malawi 2025 Peter Mutharika
0%
Slovakia 2024 Peter Pellegrini
0%
Czech Republic 2023 Petr Pavel
0%
Bahamas 2021 Philip Davis
0%
Saint Lucia 2021 Philip J. Pierre
0%
Indonesia 2024 Prabowo Subianto
0%
Nepal 2023 Ram Chanrda Paudel
0%
Yemen 2022 Rashad al-Alimi
0%
Netherlands 2026 Rob Jetten
0%
Costa Rica 2022 Rodrigo Chaves Robles
0%
Bolivia 2025 Rodrigo Paz Pereira
0%
Nicaragua 2025 Rosario Murillo
0%
Kyrgyzstan 2021 Sadyr Japarov
0%
Saudi Arabia 2015 Salman bin Abdulaziz Al Saud
0%
South Sudan 2011 Salva Kiir Mayardit
0%
Tanzania 2021 Samia Suluhu Hassan
0%
Lesotho 2022 Sam Matekane
0%
Japan 2025 Sanae Takaichi
0%
Paraguay 2023 Santiago Peña
0%
Turkmenistan 2022 Serdar Berdimuhamedow
0%
Uzbekistan 2016 Shavkat Mirziyoyev
0%
Kuwait 2023 Sheikh Mishal Al-Ahmad Al-Jaber Al-Sabah
0%
Palau 2021 Surangel Whipps Jr.
0%
Dominica 2023 Sylvanie Burton
0%
Qatar 2013 Tamim bin Hamad Al Thani
0%
Kiribati 2016 Taneti Maamau
0%
Bangladesh 2026 Tarique Rahman
0%
Ethiopia 2024 Taye Atske Selassie
0%
Equatorial Guinea 1982 Teodoro Obiang Nguema Mbasogo
0%
Saint Kitts and Nevis 2022 Terrance Drew
0%
Laos 2021 Thongloun Sisoulith
0%
Vietnam 2024 Tô Lâm
0%
Mongolia 2021 Ukhnaagiin Khürelsükh
0%
Armenia 2022 Vahagn Khachaturyan
0%
Kosovo 2021 Vjosa Osmani
0%
San Marino 2026 Vladimiro Selva
0%
Federated States of Micronesia 2023 Wesley Simina
0%
Kenya 2022 William Ruto
0%
Uruguay 2025 Yamandú Orsi
0%
Uganda 1986 Yoweri K. Museveni
0%
Croatia 2020 Zoran Milanović
0%
No matching quizzes found
Score Distribution
Percent of People with Each Score
Percentile by Number Answered
Your Score History
You have not taken this quiz